<?xml version="1.0" encoding="UTF-8"?>
<record
    xmlns:xsi="http://www.w3.org/2001/XMLSchema-instance"
    xsi:schemaLocation="http://www.loc.gov/MARC21/slim http://www.loc.gov/standards/marcxml/schema/MARC21slim.xsd"
    xmlns="http://www.loc.gov/MARC21/slim">

  <leader>02608cam a22003135a 4500</leader>
  <controlfield tag="001">16294129</controlfield>
  <controlfield tag="005">20201128023752.0</controlfield>
  <controlfield tag="008">100621s2011    enkb   frb    001 0 eng d</controlfield>
  <datafield tag="010" ind1=" " ind2=" ">
    <subfield code="a">  2010025914</subfield>
  </datafield>
  <datafield tag="020" ind1=" " ind2=" ">
    <subfield code="a">0415573238 (pbk.)</subfield>
  </datafield>
  <datafield tag="020" ind1=" " ind2=" ">
    <subfield code="a">9780415573238 (pbk.)</subfield>
  </datafield>
  <datafield tag="040" ind1=" " ind2=" ">
    <subfield code="a">DLC</subfield>
    <subfield code="c">DLC</subfield>
    <subfield code="d">EG-ScBUE </subfield>
    <subfield code="b">eng</subfield>
  </datafield>
  <datafield tag="042" ind1=" " ind2=" ">
    <subfield code="a">pcc</subfield>
  </datafield>
  <datafield tag="043" ind1=" " ind2=" ">
    <subfield code="a">a-is---</subfield>
  </datafield>
  <datafield tag="082" ind1="0" ind2="4">
    <subfield code="a">341.26</subfield>
    <subfield code="b">INT</subfield>
    <subfield code="2">22</subfield>
  </datafield>
  <datafield tag="245" ind1="0" ind2="0">
    <subfield code="a">International law and the Israeli-Palestinian conflict :</subfield>
    <subfield code="b">a rights-based approach to Middle East peace /</subfield>
    <subfield code="c">edited by Susan M. Akram ... [et al.].</subfield>
  </datafield>
  <datafield tag="260" ind1=" " ind2=" ">
    <subfield code="a">Oxford ;</subfield>
    <subfield code="a">New York :</subfield>
    <subfield code="b">Routledge,</subfield>
    <subfield code="c">2011.</subfield>
  </datafield>
  <datafield tag="300" ind1=" " ind2=" ">
    <subfield code="a">vi, 342 p. :</subfield>
    <subfield code="b">maps ;</subfield>
    <subfield code="c">24 cm.</subfield>
  </datafield>
  <datafield tag="500" ind1=" " ind2=" ">
    <subfield code="a">Index : p. (p.[334]-342).</subfield>
  </datafield>
  <datafield tag="504" ind1=" " ind2=" ">
    <subfield code="a">Bibliography : (p. [330]-333).</subfield>
  </datafield>
  <datafield tag="505" ind1="0" ind2=" ">
    <subfield code="a">Myths and realities of the Palestinian refugee problem : reframing the right of return / Susan M. Akram -- United Nations Relief and Works Agency for Palestinian Refugees in the Near East (UNRWA) :  protection and assistance to Palestine refugees / Scott Custer, Jr. --- Restitution and compensation for Palestinian refugees and displaced persons : principles, practical considerations, and compliance / Terry Rempel and Paul Prettitore -- Constructive ambiguities? Jerusalem, international law, and the peace process / Michael Dumper -- Legal strategies at the United Nations : a comparative look at Namibia, Western Sahara, and Palestine / Stephanie Koury -- "No security without law" : prospects for implementing a rights-based approach in Palestinian-Israeli security negotiations / Omar Dajani -- Self-determination in the Palestine context / John Quigley -- Natural resources and belligerent occupation : perspectives from international humanitarian and human rights / Iain Scobbie -- Building the rule of law in Palestine : rule of law without freedom / Feras Milhem and Jamil Salem -- One state not two? A cruel examination of the two-states-are-impossible argument for a single-state Palestine/the land of Israel / Ian Lustick -- Maximazing rights : the one-state solution to the Palestinian-Israeli conflict / George Bisharat.</subfield>
  </datafield>
  <datafield tag="520" ind1=" " ind2=" ">
    <subfield code="a">Examines the Israeli/Palestinian conflict from a rights and international law perspective. This book covers a variety of key topics ranging from security, through legal and political frame works through to the issues of refugees and Jerusalem.</subfield>
  </datafield>
  <datafield tag="650" ind1=" " ind2="7">
    <subfield code="a">International Law.</subfield>
    <subfield code="2">BUEsh</subfield>
    <subfield code="9">1137</subfield>
  </datafield>
  <datafield tag="650" ind1=" " ind2="7">
    <subfield code="a">Arab-Israeli conflict.</subfield>
    <subfield code="2">BUEsh</subfield>
    <subfield code="9">2523</subfield>
  </datafield>
  <datafield tag="651" ind1=" " ind2="7">
    <subfield code="a">Middle East </subfield>
    <subfield code="2">BUEsh</subfield>
    <subfield code="9">40413</subfield>
    <subfield code="z">Palestine.</subfield>
  </datafield>
  <datafield tag="653" ind1=" " ind2=" ">
    <subfield code="b">LLAAWW</subfield>
    <subfield code="c">July2016</subfield>
  </datafield>
  <datafield tag="700" ind1="1" ind2=" ">
    <subfield code="a">Akram, Susan</subfield>
    <subfield code="e">editor.</subfield>
    <subfield code="9">40414</subfield>
  </datafield>
  <datafield tag="942" ind1=" " ind2=" ">
    <subfield code="2">ddc</subfield>
    <subfield code="e">22</subfield>
    <subfield code="k">341.26 INT</subfield>
  </datafield>
  <datafield tag="999" ind1=" " ind2=" ">
    <subfield code="c">22013</subfield>
    <subfield code="d">21985</subfield>
  </datafield>
  <datafield tag="952" ind1=" " ind2=" ">
    <subfield code="0">0</subfield>
    <subfield code="1">0</subfield>
    <subfield code="2">ddc</subfield>
    <subfield code="4">0</subfield>
    <subfield code="7">0</subfield>
    <subfield code="8">Baccah</subfield>
    <subfield code="a">MAIN</subfield>
    <subfield code="b">MAIN</subfield>
    <subfield code="c">1ST</subfield>
    <subfield code="d">2016-07-24</subfield>
    <subfield code="e">Purchase</subfield>
    <subfield code="g">500.00</subfield>
    <subfield code="h">26080</subfield>
    <subfield code="l">4</subfield>
    <subfield code="m">4</subfield>
    <subfield code="o">341.26 INT</subfield>
    <subfield code="p">000032952</subfield>
    <subfield code="r">2025-07-15 00:00:00</subfield>
    <subfield code="s">2025-05-07</subfield>
    <subfield code="v">625.00</subfield>
    <subfield code="y">BB</subfield>
  </datafield>
</record>
